Oligopoly, distribution and the rate of profit (Registro nro. 26865)

Detalles MARC
000 -LEADER
fixed length control field 00334 a2200109 4500
001 - CONTROL NUMBER
control field ART_13898
005 - DATE AND TIME OF LATEST TRANSACTION
control field 20260410161911.0
008 - FIXED-LENGTH DATA ELEMENTS--GENERAL INFORMATION
fixed length control field 260409a
100 1# - MAIN ENTRY--PERSONAL NAME
Personal name Cowling, Keith
245 10 - TITLE STATEMENT
Title Oligopoly, distribution and the rate of profit
773 0# - HOST ITEM ENTRY
Title European economic review
Related parts - Vol. 15, Nº 2 (feb. 1981)
Record control number REV13346

No hay ítems disponibles.